Television Quiz

Random Television or WWE Quiz

2/20/11 Elimination Chamber Quiz Stats

 Plays Quiz not verified by Sporcle

Score 0/6 Timer 10:00
0 Plays Today
% Correct
Edge
93.8%
John Cena
82.1%
The Miz
75%
Alberto Del Rio
54.5%
Justin Gabriel
39.3%
Heath Slater
39.3%

You're not logged in!

Compare scores with friends on all Sporcle quizzes.
OR
Log In

Show Comments

Extras

Top Quizzes Today


Score Distribution

Your Account Isn't Verified!

In order to create a playlist on Sporcle, you need to verify the email address you used during registration. Go to your Sporcle Settings to finish the process.

Report this User

Report this user for behavior that violates our Community Guidelines.

Details: